Ricostruisci la Carriera del Calciatore - Álvaro Odriozola - Statistics

Statistiche generali
  • Questo quiz è stato fatto 10 volte
  • Il punteggio medio è 6 su 8
Statistiche sulle risposte
Hint Risposta % Corretto
2018-2020 Real Madrid
100%
2016-2018 Real Sociedad
100%
2013-2017 Real Sociedad B
100%
2021-2022 Fiorentina
88%
2022-2023 Real Madrid
50%
2023- Real Sociedad
50%
2020 Bayern Monaco
38%
2020-2021 Real Madrid
25%
Nessun quiz corrispondente trovato
Distribuzione punteggi
Percentuale di utenti per punteggio
Percentile per numero di risposta
I tuoi punteggi nel tempo
Non hai fatto questo quiz